Le cose collettive nel diritto romano
Saved in:
| Hovedforfatter: | |
|---|---|
| Format: | Bog |
| Sprog: | italiensk |
| Udgivet: |
Milán
Dott. A. Giuffrè
1963
|
| Fag: | |
| Tags: |
Tilføj Tag
Ingen Tags, Vær først til at tagge denne postø!
|
MARC
| LEADER | 00000nam a2200000 a 4500 | ||
|---|---|---|---|
| 001 | UCR1019 | ||
| 003 | CL-VaPUC | ||
| 008 | 971205e19630000IT |||||||||||||||||ita|d | ||
| 082 | 0 | 4 | |a 340.54 |b ORO |2 21 |
| 100 | |a Dell'Oro, Aldo |e autore |9 395810 | ||
| 245 | 1 | 3 | |a Le cose collettive nel diritto romano |
| 300 | |a 220 p | ||
| 942 | |c BK | ||
| 945 | |d 19971205 00:00:00 |a aolguin | ||
| 260 | |a Milán |b Dott. A. Giuffrè |c 1963 | ||
| 650 | 0 | |a Derecho romano |9 255930 | |
| 650 | 0 | |a Comunidad |9 308730 | |
| 650 | 0 | |a Derecho de propiedad |9 256450 | |
| 650 | 0 | |a Posesión |9 258681 | |
| 650 | 0 | |a Bienes |9 255749 | |
| 583 | |a last modification |c 19971205 00:00:00 |k Rodrigo Vera | ||
| 999 | |c 264514 |d 264512 | ||
| 952 | |0 0 |1 0 |4 0 |6 340_540000000000000_ORO_1963 |7 0 |8 DER_ROM |9 294797 |a BIBDER |b BIBDER |d 2019-11-19 |i 1909797 |o 340.54 ORO 1963 |p 1909797 |r 2023-01-25 |w 2019-11-19 |x Ubicación 4to piso |y BK |z Este recurso debe solicitarse con anticipación |k DER | ||